Diccionario biobibliográfico de miembros de la Universidad de Chile

Saved in:
Bibliografiske detaljer
Hovedforfatter: Avila Martel, Alamiro de (Author)
Format: Bog
Sprog:spansk
Udgivet: Santiago Universidad de Chile 1986
Serier:Quinta serie, 12
Fag:
Tags: Tilføj Tag
Ingen Tags, Vær først til at tagge denne postø!

MARC

LEADER 00000nam a2200000 a 4500
001 UCT9071
003 CL-VaPUC
008 970404e19860000CL |||||||||||||||||spa|d
082 0 4 |a 920  |b AVI  |2 21 
100 0 |a Avila Martel, Alamiro de  |e author  |9 381477 
245 1 0 |a Diccionario biobibliográfico de miembros de la Universidad de Chile 
300 |a pág. irreg 
942 |c BK 
945 |d 19970404 00:00:00  |a amoreno 
260 |a Santiago  |b Universidad de Chile  |c 1986 
650 0 |a Biografías  |9 255210 
650 0 |a Bibliografías   |9 257071 
650 7 |a MIEMBROS DE LA UNIVERSIDAD DE CHILE  |2 CL-VaPUC  |9 381478 
583 |a last modification  |c 19970404 00:00:00  |k Rodrigo Vera 
490 0 |a Quinta serie, 12 
999 |c 257524  |d 257522 
952 |0 0  |1 0  |4 0  |6 920_000000000000000_AVI_1986  |7 0  |8 F  |9 281032  |a BIBDER  |b BIBDER  |d 2019-11-19  |i 3295656  |o 920 AVI 1986  |p 3295656  |r 2023-01-25  |w 2019-11-19  |y BK_F  |k DER